| 000 | 00422nam a2200169Ia 4500 | ||
|---|---|---|---|
| 008 | 141014s9999||||xx |||||||||||||| ||und|| | ||
| 010 | _a19502 | ||
| 020 | _a978-9974676-81-7 | ||
| 082 | _a364. C.814 | ||
| 100 | _aCornelli, Roberto | ||
| 245 | _aMIEDO, CRIMINALIDAD Y ORDEN | ||
| 250 | _aS/E | ||
| 260 |
_aB de F Ltda. Buenos Aires, Argentina _c2012 |
||
| 300 |
_a386 _c23 cm |
||
| 650 | _aPsiquiatria | ||
| 942 | _cBK | ||
| 999 |
_c19652 _d19652 |
||